Catálogo
 En Linea

Modern Belgium / (Registro nro. 6402)

Detalles MARC
000 -CABECERA
campo de control de longitud fija 00760cam a2200241 a 4500
001 - NÚMERO DE CONTROL
campo de control 000006612
005 - FECHA Y HORA DE LA ÚLTIMA TRANSACCIÓN
campo de control 20200929153948.0
008 - DATOS DE LONGITUD FIJA--INFORMACIÓN GENERAL
campo de control de longitud fija 930927s1990 be ab 001 0 eng d
020 ## - NÚMERO INTERNACIONAL ESTÁNDAR DEL LIBRO
Número Internacional Estándar del Libro 0930664108
040 ## - FUENTE DE LA CATALOGACIÓN
Centro catalogador/agencia de origen DO-SdBNP
Centro/agencia transcriptor DLC
Centro/agencia modificador BNPHU
043 ## - CÓDIGO DE ÁREA GEOGRÁFICA
Código de área geográfica e-be---
082 ## - NÚMERO DE LA CLASIFICACIÓN DECIMAL DEWEY
Número de clasificación NNNN
Número de documento/Ítem M6894
049 ## - FONDOS LOCALES (OCLC)
Fondos de biblioteca BNGR
245 00 - MENCIÓN DE TÍTULO
Título Modern Belgium /
Mención de responsabilidad, etc. edited by Rene Bryssinck, Marina Boudart, and Michel Boudart.
260 ## - PUBLICACIÓN, DISTRIBUCIÓN, ETC.
Lugar de publicación, distribución, etc. Brussels, Belgium :
Nombre del editor, distribuidor, etc. Modern Belgium Association,
Fecha de publicación, distribución, etc. 1990.
300 ## - DESCRIPCIÓN FÍSICA
Extensión xxxi, 561 p. :
Otras características físicas ill., maps ;
Dimensiones 23 cm.
500 ## - NOTA GENERAL
Nota general Includes index.
651 #0 - PUNTO DE ACCESO ADICIONAL DE MATERIA--NOMBRE GEOGRÁFICO
Nombre geográfico Belgium
Subdivisión general History
Subdivisión cronológica 1914-
9 (RLIN) 18346
700 1# - PUNTO DE ACCESO ADICIONAL--NOMBRE DE PERSONA
Nombre de persona Bryssinck, Rene,
Fechas asociadas al nombre 1922-
9 (RLIN) 18347
700 1# - PUNTO DE ACCESO ADICIONAL--NOMBRE DE PERSONA
Nombre de persona Boudart, Marian.
9 (RLIN) 18348
700 1# - PUNTO DE ACCESO ADICIONAL--NOMBRE DE PERSONA
Nombre de persona Boudart, Michel.
9 (RLIN) 18349
910 ## - DATOS DE OPCIÓN DEL USUARIO (OCLC)
Datos de opción del usuario Catalogación derivada
Existencias
Estado de retiro Estado de pérdida Restricciones de uso No para préstamo Código de colección Localización permanente Ubicación/localización actual Ubicación en estantería Fecha de adquisición Número de inventario Total de préstamos Signatura topográfica completa Código de barras Fecha visto por última vez Precio válido a partir de Tipo de ítem Koha
    Préstamo interno   Monografías: Libros y Folletos General General En catalogación 01.09.2009 LF1   NNNN M6894 6612-10 25.06.2020 25.06.2020 Préstamo interno

Con tecnología Koha